Biotechnology and agriculture , a skeptical perspective
Una combinacin̤ de crecimiento de poblacin̤ e ingreso incrementarǹ en ms̀ del doble la demanda de alimentos y otros bienes agrc̕olas para la mitad del siglo XXI. Los avances en productividad de cultivos durante el siglo XX han estado basados en buena parte en la aplicacin̤ de genťica de Mendel. Si...
Saved in:
| 其他作者: | , |
|---|---|
| 格式: | 圖書 |
| 語言: | 英语 |
| 主題: | |
| 在線閱讀: | Biotechnology and agriculture , a skeptical perspective |
| 標簽: |
添加標簽
沒有標簽, 成為第一個標記此記錄!
|
MARC
| LEADER | 00000nam a22000004a 4500 | ||
|---|---|---|---|
| 001 | vpro1306 | ||
| 005 | 20201223000000.0 | ||
| 008 | 120808s2006 ck # g## #001 0#eng#d | ||
| 020 | |||
| 022 | |a 1522-936X | ||
| 040 | |a CO-BoINGC | ||
| 041 | 0 | |a eng | |
| 245 | 1 | 0 | |a Biotechnology and agriculture , a skeptical perspective |
| 246 | |a Biotecnologa̕ y agricultura : una perspectiva escp̌tica | ||
| 264 | |a Bogot ̀(Colombia) : |b Revista VirtualPRO, |c 2006 | ||
| 520 | 3 | |a Una combinacin̤ de crecimiento de poblacin̤ e ingreso incrementarǹ en ms̀ del doble la demanda de alimentos y otros bienes agrc̕olas para la mitad del siglo XXI. Los avances en productividad de cultivos durante el siglo XX han estado basados en buena parte en la aplicacin̤ de genťica de Mendel. Si lo granjeros responden efectivamente a las demandas que serǹ puestas sobre ellos en la prx̤ima mitad del siglo, la investigacin̤ en biologa̕ molecular y biotecnologa̕ tendr ̀que dirigirse a sortear las restricciones fisiolg̤icas que son la fuente de los lm̕ites actuales de los rendimientos en los cultivos. | |
| 650 | \ | \ | |a Agricultura |
| 650 | \ | \ | |a Biotecnologa̕ |
| 650 | \ | \ | |a Agriculture |
| 650 | \ | \ | |a Biotechnology |
| 650 | \ | \ | |a Tecnologa̕ biolg̤ica |
| 650 | \ | \ | |a Restricciones fisiolg̤icas |
| 650 | \ | \ | |a Techos de rendimiento de cultivos |
| 650 | \ | \ | |a Revolucin̤ mendeliana |
| 650 | \ | \ | |a Biotecnologa̕ agrc̕ola |
| 650 | \ | \ | |a Biological technology |
| 650 | \ | \ | |a Physiological constraints |
| 650 | \ | \ | |a Crop yield ceilings |
| 650 | \ | \ | |a Mendelian revolution |
| 650 | \ | \ | |a Agricultural biotechnology |
| 700 | \ | \ | |a Ruttan Vernon W. |
| 700 | \ | \ | |a University of Missouri, Columbia |
| 856 | |z Biotechnology and agriculture , a skeptical perspective |u https://virtualpro.unach.elogim.com/biblioteca/biotecnologia-y-agricultura-una-perspectiva-esceptica | ||